000 00498nam a2200133 4500
999 _c9321
_d9321
008 180430b ||||| |||| 00| 0 eng d
082 _aDPer 050 Dec 2015-Mar 2016 T48 v186-187
100 _927715
_aZachareck, Stephanie.
245 _aMiles, Chet and Hank reimagined/
_cStephanie Zachareck.
260 _aNew York:
_bTime Inc.,
_c©Dec 2015-Mar 2016.
300 _av187 n11, pages 46-47:
_billustration;
_c27 cm.
650 0 _927716
_aMotion picture
_xProduction and direction.
942 _2ddc
_cPER